LDR 01190naa#a2200193#i#450# 001 RU\\bibl\125920 005 20260629100559.1 011 ## _a2712-7761 100 ## _a20260629b2026####ek#y0rusy0150####ca 102 ## _aRU 200 1# _aЭкспериментальные наблюдения за эмиссией радона на Червонослободско-Малодушинском разломе в связи с наведенной сейсмичностью в Солигорском горнопромышленном районе _eЖурнальная статья 210 1# _aСыктывкар _cФГБУ ФИЦ «Коми научный центр Уральского отделения Российской академии наук» _d2026 215 ## _a4 с. 608 ## _aЖурнальная статья _2local 675 ## _aВозмущения, земные и внеземные (включая естественного происхождения и вызванные человеком). 550.348 _aЗемное излучение. 551.521.2 _z 700 #1 _aАронов _gГ. А. 700 #1 _aАронов _gА. Г. 700 #1 _aКотов _gС. Г. 856 4# _akomisc.editorum.ru _u